| 000 | 00650nam a2200205Ia 4500 | ||
|---|---|---|---|
| 003 | OSt | ||
| 005 | 20250124104700.0 | ||
| 008 | 210716s1968 xx 000 0 und d | ||
| 040 | _cAIMIT LIBRARY | ||
| 041 | _aeng | ||
| 082 |
_a808.83 _21 _bSHAR |
||
| 100 |
_aShattuck, Roger. _9195132 |
||
| 245 |
_aBanquet years: _borigins of the avant garde in France 1885 to world war / _cBy Roger Shattuck. |
||
| 250 | _a1st ed. | ||
| 260 |
_aNew York : _bVintage books ; _c1968. |
||
| 300 |
_a397p. ; _bPB _c18 cm. |
||
| 650 |
_aMontmarte piano player _9195133 |
||
| 650 |
_aScandal boredom and closet music _9195134 |
||
| 942 |
_2ddc _cBK _e1st ed. _k808.83 SHAR |
||
| 999 |
_c201267 _d201267 |
||